000
00313nam a2200133Ia 4500
008
240624s9999 xx 000 0 und d
041
_a
eng
082
_a
891.46 PAD
100
_a
KONDKE DADA
245
_a
EKTA JEEU
260
_c
2006
_a
Pune
_b
Anubandh Prakashan
300
_a
418 : p. : cm. ; 21
365
_c
RS
_b
20
999
_c
6897
_d
6897